Normativas y aplicación de las áreas verdes en la arquitectura de espacios públicos abiertos
Esta tesis ofrece un panorama amplio de propuestas y posibilidades gráficas, funcionales y espaciales de nuestro país, para su utilización en el tratamiento de Espacios Públicos Abiertos, en aras de conseguir una ciudad o barrio natural animado. El material gráfico facilitará la comprensión y...
| Main Author: | |
|---|---|
| Other Authors: | |
| Format: | Tesis Section = Libro |
| Language: | Undetermined Spanish |
| Published: |
Managua
UNI
1998
|
| Subjects: |
| LEADER | 01189nam a2200217Ia 4500 | ||
|---|---|---|---|
| 008 | 240830s9999 xx 000 0 und d | ||
| 040 | |a BIBLIOTECA-RUSB/ Mon 710 B456 | ||
| 041 | |a spa | ||
| 082 | |a Mon 710 B456 | ||
| 100 | 1 | |a Benavides Rodríguez, Wildghem Ramón | |
| 245 | 1 | 0 | |a Normativas y aplicación de las áreas verdes en la arquitectura de espacios públicos abiertos |
| 260 | |a Managua |b UNI |c 1998 | ||
| 300 | |a 250 p. :il. | ||
| 502 | |a Tesis (Arquitecto) - UNI, 1998. | ||
| 520 | 3 | |a Esta tesis ofrece un panorama amplio de propuestas y posibilidades gráficas, funcionales y espaciales de nuestro país, para su utilización en el tratamiento de Espacios Públicos Abiertos, en aras de conseguir una ciudad o barrio natural animado. El material gráfico facilitará la comprensión y utilización de las áreas verdes en sus variados usos como: cortinas rompevientos. Proyectos de reforestación, embellecimiento de avenidas, plazas, parques o definir espacios. | |
| 650 | 7 | |a URBANISMO Y ARQUITECTURA DEL PAISAJE | |
| 650 | 7 | |b PARQUES LUGARES PÚBLICOS | |
| 700 | 1 | |a Tutor: |b Rodríguez Vásquez, Eduardo Antonio | |
| 942 | |c BK |2 ddc | ||
| 991 | |a TESIS | ||
| 999 | |c 20816 | ||